书目信息 |
| 书名: | Apractical guide to legal writing and legal method | |
| 作者: | Dernbach. | |
| 分册号: | ||
| 分册名: | 出版地: | Littleton : |
|
| 出版社: | Fred B.Rothman &co | |
| 出版时间: | 1981. | |
| 页数: | 246 p. ; | |
| 开本: | 20cm. | |
| 丛书名: | ||
| 中图分类号: | ||
| 科图分类号: | ||
| 其他分类号: | H152.3 | |
| 主题词: | ||
| 电子资源: | ||
| 000 | 00423nam 2200145 a 4500 | |
| 001 | E0253077105 | |
| 005 | 2002040514443710 | |
| 008 | 020405s1981 00010 eng | |
| 020 | @a0-8377-0513-4 :@cRMB 12.00. | |
| 040 | @aPFT@beng | |
| 090 | @aH152.3 | |
| 099 | @dH152.3@eD436 | |
| 245 | @aApractical guide to legal writing and legal method / @cDernbach. | |
| 260 | @aLittleton :@bFred B.Rothman &co.,@c1981. | |
| 300 | @a246 p. ;@c20cm. | |
| Apractical guide to legal writing and legal method / / Dernbach.-Littleton : : Fred B.Rothman &co., , 1981. |
| 246 p. ; ; 20cm. |
| ISBN 0-8377-0513-4 :RMB 12.00. |
| ● |
| 相关链接 |
|
|
|
正题名:Apractical guide to legal writing and le
索取号:H152.3/D436
 
预约/预借
| 序号 | 登录号 | 条形码 | 馆藏地/架位号 | 状态 | 备注 |
| 1 | 02972 | 300029724 | 语言库209/209语言库 74排3列4层/ [索取号:H152.3/D436] | 在馆 |